000 00883nmm a2200277 a 4500
001 ocm0002016133
003 TR-IsHL
005 20201028175234.0
008 181019s2017 tu tur
007 cr cn
020 _a978­605­­9521­64­­2
035 _a2016133
_b(N$T)
050 0 4 _aHF5823
_b.K39 2017
090 0 4 _aHF5823
_b.K39 2017
100 1 _aKayaalp, İsa
245 1 0 _aReklamcılık kitabı
_h[electronic resource] /
_cİsa Kayaalp
250 _a1. Basım
260 _aİstanbul :
_bBilge Kültür Sanat Yayınları,
_c2017
300 _a176 p.
650 4 _aMedya ve İletişim
650 4 _aCommunication & Media
650 0 _aReklamcılık
650 0 _aAdvertising
650 7 _aBUSINESS & ECONOMICS / Advertising & Promotion
_2bisacsh
856 4 0 _uhttp://search.ebscohost.com/login.aspx?direct=true&scope=site&db=e011xww&AN=2016133
999 _c18574
_d18574